| 000 | 01736cam a2200313 i 4500 | ||
|---|---|---|---|
| 003 | SA_RiAUC | ||
| 005 | 20251106070818.0 | ||
| 008 | 251105s1997____su g 000 0 ara c | ||
| 040 |
_aSA-RiKAPL _bara _cSA-RiAUC _erda |
||
| 082 | 0 | 4 |
_a259 _qSA-RiAUC |
| 090 |
_a259 _bا ل ش |
||
| 100 | 1 |
_aآل الشيخ، محمد بن إبراهيم بن عبد اللطيف، _d1311-1389 هجري _eمؤلف. |
|
| 245 | 1 | 0 |
_aفتاوى النظر والخلوة والاختلاط والمصافحة / _cمحمد بن إبراهيم آل شيخ، عبد العزيز بن باز ؛ تقديم محمد بن صالح العثيمين، عبد الله بن جبرين، اللجنة الدائمة للإفتاء. |
| 250 | _aالطبعة الأولى. | ||
| 264 | 1 |
_aالرياض : _bدار القاسم للنشر والتوزيع، _c1997 |
|
| 300 |
_a78 صفحة ؛ _c17 سم |
||
| 336 |
_aنص _btxt _2rdacontent _3كتاب |
||
| 337 |
_aبدون وسيط _bn _2rdamedia |
||
| 338 |
_aمجلد _bnc _2rdacarrier |
||
| 650 | 7 |
_aالفقه الإسلامي _2aucsh |
|
| 650 | 7 |
_aالخلوة (فقه إسلامي) _2aucsh |
|
| 650 | 7 |
_aالاختلاط (فقه إسلامي) _2aucsh |
|
| 700 | 1 |
_aابن باز، عبد العزيز بن عبد الله بن عبد الرحمن، _d1332-1420 هجري _eمؤلف. |
|
| 700 | 1 |
_aالعثيمين، محمد بن صالح بن محمد، _d1347-1421 هجري _eمقدم. |
|
| 700 | 1 |
_aابن جبرين، عبد الله بن عبد الرحمن بن عبد الله، _d1352-1430 هجري _eمقدم. |
|
| 710 | 2 |
_aاللجنة الدائمة للبحوث العلمية والإفتاء (السعودية) _eمقدم. |
|
| 942 |
_2ddc _cBOOK _n0 |
||
| 949 |
_aSA-JeALM _d251105 _umohamedma123 _n1 |
||
| 999 |
_c13038 _d13038 |
||